Office publisher : langkah demi langkah

Bibliographic Details
Main Author: Iskandar Ab Rashid
Other Authors: Zaitun Ismail
Format: Book
Language:Malay
Published: Batu Caves, Selangor : Venton pub. , 2007
Subjects:

MARC

LEADER 00000cam a2200000 7i4500
001 0000023438
005 20110913.0
008 110912s my a may
020 |a 9789833526840 
040 |a INS 
090 0 0 |a Z253.532.M53   |b I85 2001 
100 0 |a Iskandar Ab Rashid 
245 1 0 |a Office publisher : langkah demi langkah   |c Iskandar Ab Rashid, Zaitun Ismail 
260 |a Batu Caves, Selangor :   |b Venton pub. ,   |c 2007 
300 |a 192ms. :   |b il. ;   |c 25cm. 
650 0 |a Desktop publisher 
650 0 |a Microsoft publisher 
700 0 |a Zaitun Ismail 
999 |a 1000000076   |b BOOK   |c Open Shelf   |e Default branch